000 01830namaa2200397 i 4500
003 EG-GICUC
005 20260608110134.0
008 260608m20149999ua ||||gr|||| 000 0 ara d
017 _a2014 / 11912
_bدار الكتب والوثائق القومية(مصر)
020 _a9789771810773
020 _a9771810774
040 _aEG-GiCUC
_bara
_cEG-GiCUC
_dEG-GiCUC
_erda
043 _af-ua---
082 0 4 _221
_a810.9962
_bA655
092 0 4 _221
_a810.9962
_bA655
099 _a810.9962 A655
100 1 _aالعقاد، عباس محمود،
_d1889-1964
_eمؤلف.
245 1 0 _aتراث عباس محمود العقاد :
_bالمقالات الصحفية /
_cاشراف ودراسة د. محمد صابر عرب ؛ جمع وتحرير عبد المنعم محمد سعيد.
246 3 0 _aعباس محمود العقاد
264 _aالقاهرة :
_bدار الكتب والوثائق القومية، الإدارة المركزية للمراكز العلمية، مركز تاريخ مصر المعاصر،
_c2014-
300 _aمجلدات ؛
_c29 سم
336 _2rdacontent
_atext
337 _2rdamedia
_aUnmediated
338 _2rdacarrier
_avolume
500 _aالمكتبة تقتني الجزء الاول فقط.
504 _aيشتمل على ارجاعات ببليوجرافية.
505 _aالجزء الأول.الكتابات الاولى، 1907-1918
541 _aد. جابر عصفور ؛
_bالقاهرة ؛
_cإهداء ؛
_d2024.
650 1 _aالأدب العربي
_xتاريخ ونقد
_zمصر
_2qrmak
650 1 _aالمؤلفون العرب
_vتراجم
_zمصر
651 1 _2qrmak
700 1 _aعرب، محمد صابر
_910837
_eمشرف.
700 1 _aسعيد، عبد المنعم محمد
_910838
_eمجمع.
905 _aAsmaa
942 _2ddc
_cBK
_e21
_n0
999 _c180412
_d180412